[Event "Mumbai Wealth op U13 4th"]
[Site "Mumbai"]
[Date "2019.01.06"]
[Round "8"]
[White "Haldankar, Dhruv"]
[Black "Shrey, Nilkant"]
[Result "1/2-1/2"]
[WhiteElo "1245"]
[BlackElo "1466"]
[PlyCount "95"]
[EventDate "2018.12.30"]
[EventType "swiss"]
[EventRounds "9"]
[EventCountry "IND"]
[SourceTitle "CBM 188 Extra"]
[Source "ChessBase"]
[SourceDate "2019.02.26"]
[SourceVersion "1"]
[SourceVersionDate "2019.02.26"]
[SourceQuality "1"]

1. e4 e5 2. Nf3 Nc6 3. Bc4 Nf6 4. d3 Be7 5. c3 0-0 6. 0-0 d6 7. Nbd2 Na5 8. b4 Nxc4 9. Nxc4 h6 10. h3 Be6 11. Ne3 c6 12. Re1 Qc7 13. Nf1 d5 14. exd5 cxd5 15. Bb2 Bd6 16. a3 Rad8 17. Rc1 a6 18. Qc2 Bf5 19. Ne3 Bh7 20. Red1 b5 21. Qb3 Rfe8 22. c4 bxc4 23. dxc4 d4 24. c5 dxe3 25. cxd6 exf2+ 26. Kf1 Qb6 27. Nxe5 Rxe5 28. Bxe5 Qb5+ 29. Kxf2 Qxe5 30. d7 Rxd7 31. Rc8+ Ne8 32. Qe3 Qf5+ 33. Ke2 Rd2+ 34. Qxd2 Qxc8 35. Rc1 Qe6+ 36. Qe3 Bf5 37. Qxe6 Bxe6 38. g4 Kf8 39. Kd3 Ke7 40. a4 Nd6 41. Kd4 Bd7 42. Re1+ Kd8 43. Kc5 Nc8 44. b5 axb5 45. axb5 Kc7 46. Ra1 Kb7 47. b6 f5 48. Rd1 1/2-1/2